00238nam a2200109Ia 4500008004100000041001200041082001100053100001600064245003600080260000600116650000600122221030s9999 xx 000 0 und d aEnglish a105.23 aD. S. Kumar 0aFluid Mechanicscby D. S. Kumar c0 aB